История русской литературы конца ХІХ - начала ХХ века (Запис № 357126)

МАРК-запис
000 -Лідер
fixed length control field 00803nam a22002417a 4500
001 - Контрольний номер
control field 70850
003 - Ідентифікатор контрольного номера
control field UA-OsUOA
005 - Дата та час останнього входження (трансакції)
control field 20220501183041.0
007 - Фіксоване поле фізичного опису
fixed length control field ta
008 - Елементи даних фіксованої довжини – загальна інформація
fixed length control field 20100921b un ||||| |||| 00| 0 ukr d
040 ## - Джерело каталогізації
Агенція оригінальної каталогізації UA-OsUOA
Мова каталогізації rus
Агенція, яка здійснювала перезапис UA-OsUOA
Агенція, яка здійснювала модифікацію UA-OsUOA
041 ## - Код мови
Код мови тексту/ звукової доріжки чи окремого заголовка (П) rus
080 ## - Індекс Універсальної десяткової класифікації
Індекс Універсальної десяткової класифікації (УДК) (НП) 82.09(091)(470+571)
090 ## - Локальний шифр розміщення
Класифікаційний індекс УДК 82.09(091)(470+571)
Авторський знак (НП) С59
100 ## - Основне введення – ім’я особи
Ім’я особи (НП) Соколов А. Г.
245 ## - Відомості про назву
Назва (НП) История русской литературы конца ХІХ - начала ХХ века
260 ## - Публікація, розповсюдження і т.п. (Вихідні дані)
Місце публікації, розповсюдження і т.п. (П) М.
Ім’я/ наймення видавництва, розповсюджувача і т.п. (П) Высшая школа
Дата публікації, розповсюдження і т.п. (П) 1979
300 ## - Фізичний опис
Обсяг 399 с.
650 #7 - Додаткове предметне введення – тематичний термін
Тематичний термін чи географічна назва, як елемент введення (НП) 82.09 Літературна критика. Літературні дослідження
Джерело заголовка чи терміна UDC
942 ## - Додаткові елементи входу (Коха)
Тип елемента Koha Книги
Source of classification or shelving scheme Universal Decimal Classification
955 ## - Код типу видання за змістом
Код типу видання за змістом (НП) Навчальні видання
Фонди
Стан вилучень Стан втрат Джерело класифікації або схеми стелажів Стан уражень Не для кредиту Постійне місце розташування Поточне розміщення Дата придбання Джерело придбання Вартість, звичайна ціна покупки Інвентарний номер Усього замовленно Повний номер виклику Штрих-код Дата останнього перегляду Ціна ефективна від Тип елемента Koha
    Universal Decimal Classification     АБ - Абонемент НБ АБ - Абонемент НБ 21/09/2010 77/2010 12.00 129491   82.09(091)(470+571) С59 129491 15/02/2022 21/09/2010 Книги
    Universal Decimal Classification     АБ - Абонемент НБ АБ - Абонемент НБ 12/09/2012     29250   82.09(091)(470+571) С59 29250 15/02/2022 21/09/2010 Книги